000
00293nam a22001337a 4500
008
171127b xxu||||| |||| 00| 0 eng d
020
_a
9781598717136
041
_a
eng
080
_a
574
100
_a
9
101
_a
MJE
245
_a
CONNECTIONS IN CONTEXT
_c
SHERIDAN,M.P
942
_2
udc
_c
BK
999
_c
38536
_d
38536